000 00662nam a2200277Ia 4500
005 20260324145351.0
008 008 260324s9999 xx 000 0 eng d
020 _a9780429049194
037 _aEBOOK
040 _aCRL
040 _beng
040 _cCRL
041 _2eng
041 _aeng
084 _qCRL
100 _aW. E. van Heyningen
_91222712
245 0 _aCholera: The American Scientific Experience, 1947-1980
260 _bTaylor and Francis
260 _c1983
365 _a
365 _b230
856 _uhttp://www.taylorfrancis.com/books/9780429049194
942 _cEBOOK
999 _c1830523
_d1830523